Znani kucharze telewizyjni i internetowi - Statystyki

Ogólne statystyki
  • Ten quiz został rozwiązany 48 razy
  • Średni wynik to 4 z 16
Statystyki odpowiedzi
% Poprawnych
2. Magda Gessler
95%
1. Robert Makłowicz
60%
14. Karol Okrasa
50%
3. Pascal Brodnicki
35%
6. Ewa Wachowicz
25%
8. Tomasz Jakubiak
25%
9. Wojciech Modest Amaro
25%
5. Anna Starmach
20%
11. Mateusz Gessler
20%
4. Michel Moran
20%
16. Tomasz Strzelczyk
15%
7. Daria Ładocha
10%
13. Damian Kordas
5%
12. Maciej Kuroń
5%
10. Michał Bryś
0%
15. Robert Sowa
0%
Nie znaleziono quizów pasujących do podanych kryteriów
Rozkład punktacji
Procent ludzi z każdym wynikiem
Percentyl według liczby udzielonych odpowiedzi
Twoja historia wyników
Nie rozwiązałeś tego quizu